Представление документа в формате RUSMARC

ПолеНазваниеЗначение
  Тип записи a
  Библиографический уровень m
001 Контрольный номер RU/УГОНБ/EK/77692
005 Дата корректировки 20220304195631.6
100 Данные общей обработки __
a Данные общей обработки 20010725g2000 u u0rusy0189||||ca
101 Язык документа 0_
a Язык текста rus
102 Страна публикации __
a Страна публикации RU
105 Кодированные данные (монография) __
a Кодированные данные (монография) y j 000yy
200 Заглавие и сведения об ответственности 1_
a Заглавие Методические указания к лабораторно-практическим занятиям по биологической химии
f Первые сведения об ответственности Л.К. Каменек, Э.Ш. Еникеев, Ю.В. Саенко
210 Выходные данные 1_
d Дата издания 2000
a Место издания Ульяновск
c Издательство Изд-во УлГУ
215 Физическое описание __
d Формат 20 см
330 Аннотация __
a Аннотация Методические указания и лабораторные работы к курсу "Биологическая химия": Энергетический обмен, витамины, обмен углеводов, аминокислот, лепидов, нуклеотидов, гормональная регуляция.
461 Уровень набора _0
1 2001
a Методические указания к лабораторно-практическим занятиям по биологической химии
f Л.К. Каменек, Э.Ш. Еникеев, Ю.В. Саенко
v Ч. 2
1 210
a Ульяновск
c УлГУ
1 215
d 20 см
1 701 1
a Еникеев
b Э.Ш.
1 701 1
a Саенко
b Ю.В.
463 Уровень физической единицы _0
1 010
d 3 р.
9 100 экз.
1 2001
a Обмен веществ
f ред. В.С. Тишкин
v Ч. 2
1 210
d 2000
1 215
a 58 с.
1 300
a Библиогр. в конце кн.
1 702 1
a Тишкин
b В.С.
4 340
606 Тематические рубрики 0_
a Основная рубрика Обмен веществ
x Основная подрубрика Биохимия
j Формальный подзаголовок Учебники и пособия для вузов
610 Ключевые слова 0_
a Ключевые слова биохимия
610 Ключевые слова 0_
a Ключевые слова витамины
610 Ключевые слова 0_
a Ключевые слова обмен веществ
610 Ключевые слова 0_
a Ключевые слова регуляция гормональная
686 Индексы других классификаций __
a Классификационный индекс 28.902.3
2 Код системы rubbk
700 Автор _1
a Фамилия Каменек
b Имя (инициалы) Л.К.
g Полное личное имя Людмила Кирилловна
701 Альтернативная интеллектуальная ответственность _1
a Фамилия Еникеев
b Имя (инициалы) Э.Ш.
701 Альтернативная интеллектуальная ответственность _1
a Фамилия Саенко
b Имя (инициалы) Ю.В.
801 Источник записи _0
a Страна RU
b Организация Ульяновская ОНБ
c Дата составления 20010725
g Правила каталогизации PSBO
801 Источник записи _1
a Страна RU
b Организация Ульяновская ОНБ
c Дата составления 20010725
901 Тип документа __
t Тип документа n
938 Служебная информация __
a Имя БД books
b Имя библиотеки УОНБ
c Имя АИБС МАРК-SQL
d Номер DOC_ID в БД 248926